[Event "Foment Martinenc op-B 21st"]
[Site "Barcelona"]
[Date "2019.05.18"]
[Round "4"]
[White "Valeriano Guell, Joan"]
[Black "Rull Borrell, Salvador"]
[Result "0-1"]
[WhiteElo "1168"]
[BlackElo "1659"]
[PlyCount "80"]
[EventDate "2019.04.27"]
[EventType "swiss"]
[EventRounds "9"]
[EventCountry "ESP"]
[SourceTitle "EXT 2020"]
[Source "ChessBase"]
[SourceDate "2019.10.17"]
[SourceVersion "1"]
[SourceVersionDate "2019.10.17"]
[SourceQuality "1"]

1. Nf3 Nf6 2. c4 d6 3. d4 g6 4. g3 Bg7 5. Bg2 0-0 6. 0-0 c6 7. Nc3 Nbd7 8. Bf4 Re8 9. Re1 e5 10. dxe5 dxe5 11. Bxe5 Nxe5 12. Qxd8 Nxf3+ 13. Bxf3 Rxd8 14. Bg2 Be6 15. b3 Rd2 16. Rad1 Rad8 17. Rxd2 Rxd2 18. Rd1 Rxd1+ 19. Nxd1 Kf8 20. f4 Ke7 21. e4 Ne8 22. Kf2 Kd6 23. Ke3 Kc5 24. Kd3 Kb4 25. Kc2 Bd4 26. h3 Nd6 27. g4 f5 28. gxf5 gxf5 29. e5 Ne4 30. Kd3 Nf2+ 31. Kxd4 Nxd1 32. h4 Nc3 33. Bf3 Nxa2 34. Bd1 Nc1 35. h5 h6 36. Bc2 Nxb3+ 37. Ke3 a5 38. Ke2 a4 39. Kd1 Kxc4 40. Bb1 Kc3 0-1

[Event "Foment Martinenc op-C 20th"]
[Site "Barcelona"]
[Date "2018.06.02"]
[Round "7"]
[White "Valeriano Guell, Joan"]
[Black "San Isidoro Castillo, Jose"]
[Result "1-0"]
[WhiteElo "1678"]
[BlackElo "1757"]
[PlyCount "115"]
[EventDate "2018.04.21"]
[EventType "swiss"]
[EventRounds "9"]
[EventCountry "ESP"]
[SourceTitle "CBM 184 Extra"]
[Source "ChessBase"]
[SourceDate "2018.06.28"]
[SourceVersion "1"]
[SourceVersionDate "2018.06.28"]
[SourceQuality "1"]

1. c4 Nf6 2. g3 c6 3. Bg2 d5 4. cxd5 cxd5 5. d4 e6 6. Nf3 Bb4+ 7. Bd2 Qa5 8. Bxb4 Qxb4+ 9. Qd2 Qxd2+ 10. Nbxd2 Nc6 11. 0-0 0-0 12. a3 a5 13. e3 b6 14. Ne1 Ba6 15. h3 Bxf1 16. Bxf1 Rac8 17. Bd3 Rc7 18. Ng2 Nb8 19. Nf4 Rfc8 20. Ne2 Nfd7 21. Nb3 f5 22. f4 Nf6 23. Rd1 Ne4 24. Kg2 Nd6 25. Nd2 Nc4 26. Nxc4 dxc4 27. Bc2 Nd7 28. Nc3 Nf6 29. Nb5 Re7 30. Nd6 Rc6 31. Nb5 Nd5 32. Kf2 Nc7 33. Na7 Rd6 34. Nc8 Red7 35. Nxd6 Rxd6 36. Rh1 b5 37. g4 g6 38. gxf5 exf5 39. h4 Nd5 40. Rg1 Nf6 41. Bxf5 Nh5 42. Bg4 Ng7 43. Bh3 Kf7 44. Rg5 Kf6 45. Rxb5 a4 46. Rb4 Nh5 47. Rxc4 Rb6 48. Rb4 Rxb4 49. axb4 Ke7 50. Ke2 Nf6 51. Kd3 Nd5 52. b5 Kd6 53. Bg2 Nb6 54. e4 Nd7 55. e5+ Ke7 56. Kc4 Nb6+ 57. Kc5 Nd7+ 58. Kc6 1-0

[Event "Foment Martinenc op-C 20th"]
[Site "Barcelona"]
[Date "2018.05.19"]
[Round "5"]
[White "Valeriano Guell, Joan"]
[Black "Marzo Ruiz, Xavier"]
[Result "0-1"]
[WhiteElo "1678"]
[BlackElo "1726"]
[PlyCount "134"]
[EventDate "2018.04.21"]
[EventType "swiss"]
[EventRounds "9"]
[EventCountry "ESP"]
[SourceTitle "CBM 184 Extra"]
[Source "ChessBase"]
[SourceDate "2018.06.28"]
[SourceVersion "1"]
[SourceVersionDate "2018.06.28"]
[SourceQuality "1"]

1. c4 e5 2. Nc3 Nc6 3. Nf3 g6 4. g3 Bg7 5. Bg2 Nge7 6. 0-0 0-0 7. d3 d6 8. Bd2 Bd7 9. h3 Qc8 10. Kh2 f6 11. Qc1 Be6 12. Ng1 Qd7 13. Na4 Rf7 14. b3 Raf8 15. e3 b6 16. f4 f5 17. Bc3 a5 18. a3 Qe8 19. Bb2 Bd7 20. Nc3 Nb8 21. Nd5 Qd8 22. b4 axb4 23. axb4 c6 24. Nxe7+ Qxe7 25. Nf3 c5 26. b5 Bc8 27. Ra8 Bb7 28. Ra7 Qe8 29. Ng5 Bxg2 30. Rxf7 Bxf1 31. Rxf8+ Kxf8 32. Qxf1 Kg8 33. Qf3 e4 34. Qe2 Bxb2 35. Qxb2 h6 36. dxe4 hxg5 37. exf5 gxf5 38. Qf6 gxf4 39. Qg5+ Kh7 40. Qxf5+ Qg6 41. Qxf4 Nd7 42. Qh4+ Kg7 43. Qe7+ Qf7 44. Qg5+ Kf8 45. Qh6+ Ke7 46. Qh4+ Nf6 47. Qh8 Qxc4 48. Kg2 Qe2+ 49. Kh1 Qf3+ 50. Kh2 Qd5 51. g4 c4 52. h4 Nxg4+ 53. Kg3 Qe5+ 54. Qxe5+ Nxe5 55. Kf2 d5 56. Ke2 Kf6 57. Kd2 Kf5 58. Kc3 Kg4 59. Kd4 Nf3+ 60. Kc3 Kxh4 61. Kc2 Kg5 62. Kc3 Kf5 63. Kc2 Ke4 64. Kc3 Kxe3 65. Kc2 d4 66. Kd1 d3 67. Kc1 Ke2 0-1